000 00285nam a22001217a 4500
008 170605b xxu||||| |||| 00| 0 eng d
041 _aeng
080 _a94(7/8)
100 _a18
101 _aSHH
245 _aTHE DECLINE OF SOCIALISM IN AMERICA
_cWEINSTEIN.J
942 _2udc
_cBK
999 _c15903
_d15903